=LDR 00000nam 2200000 4500 =001 INLIS000000000009916 =005 20130612101656 =008 ***********************************Ind** =035 ##$$0010-061300000009916 =041 ##$$a Ind =082 ##$$a 028.5 =090 ##$$a 028.5, Ire b =100 ##$$a Ireland, Shep =245 ##$$a Berlibur, Shep Ireland =260 ##$$a 1996 $b Jakarta =300 ##$$a 38 hlm, ilus, 14 cm =650 ##$$a bacaan anak-anak =850 ##$$a NBPNMAT =990 ##$$a 07250725 =990 ##$$a 1037533